000 00570cam a22002053a 4500
001 43947
003 PGUSA
005 20140828084012.0
008 131013s2013||||xxu|||||s|||||000 | eng d
040 _aPGUSA
_beng
042 _adc
100 1 _aCarpenter, J. Estlin
245 1 0 _aComparative Religion
_h[electronic resource] /
_cJ. Estlin Carpenter
260 _bProject Gutenberg,
_c2013
506 _aPublic domain in the USA.
516 _aElectronic text
830 0 _aProject Gutenberg
_v43947
856 4 0 _uhttp://www.gutenberg.org/ebooks/43947
942 _cEB
999 _c273198
_d273198